A wobble too far (Record no. 63793)

MARC details
000 -LEADER
fixed length control field 00647cam a2200181 4500
001 - CONTROL NUMBER
control field WB3623-02
008 - FIXED-LENGTH DATA ELEMENTS--GENERAL INFORMATION
fixed length control field 000000n2000 000 0 eng u
035 ## - SYSTEM CONTROL NUMBER
System control number (Sirsi) u106489
245 #2 - TITLE STATEMENT
Title A wobble too far
260 ## - PUBLICATION, DISTRIBUTION, ETC.
Date of publication, distribution, etc. 2000
490 ## - SERIES STATEMENT
Series statement Financial Times
Volume/sequential designation 15 June 2000, 17(2)
520 ## - SUMMARY, ETC.
Summary, etc. Engineers have been trying to find the cause of the swaying in the Millennium Bridge. A team of nine specialists have ordered equipment to analyse the stucture, but the bridge is not expected to reopen for a long time.
590 ## - LOCAL NOTE (RLIN)
Local note WB
650 ## - SUBJECT ADDED ENTRY--TOPICAL TERM
Topical term or geographic name entry element MILLENNIUM BRIDGE
650 ## - SUBJECT ADDED ENTRY--TOPICAL TERM
Topical term or geographic name entry element STRUCTURAL ENGINEERS
690 ## - LOCAL SUBJECT ADDED ENTRY--TOPICAL TERM (OCLC, RLIN)
Topical term or geographic name as entry element BUILT ENVIRONMENT
942 ## - ADDED ENTRY ELEMENTS (KOHA)
Suppress in OPAC 0
Holdings
Withdrawn status Lost status Source of classification or shelving scheme Damaged status Not for loan Home library Current library Shelving location Date acquired Total Checkouts Full call number Barcode Date last seen Copy number Price effective from Koha item type
    Dewey Decimal Classification     London London News article 15/06/2000   WB3623-02 106489-1001 06/08/2019 1 06/08/2019 News article